| 000 | 00455nam a2200181Ia 4500 | ||
|---|---|---|---|
| 003 | OSt | ||
| 005 | 20231129153906.0 | ||
| 008 | 210210b1906 xxu||||| |||| 00| 0 eng d | ||
| 040 | _cAL | ||
| 041 | _aeng | ||
| 082 | _a821/103 | ||
| 100 |
_aBYRON _9143786 |
||
| 245 | _aChilde harolds pilgrimage cantos III and IV: Fowler Ed | ||
| 260 |
_aLondon _bMacmillan & Co. Ltd. _c1906 |
||
| 690 |
_aEnglish Poetry _9143796 |
||
| 906 | _a011272 | ||
| 942 |
_2ddc _cBK |
||
| 999 |
_c129940 _d129940 |
||